[Event "Mittelfranken-chTB2a 1920"]
[Site "Mittelfranken"]
[Date "2019.10.13"]
[Round "1.6"]
[White "Stritzelberger, Martin"]
[Black "Margraf, Christoph"]
[Result "0-1"]
[WhiteElo "1562"]
[BlackElo "1872"]
[PlyCount "36"]
[EventDate "2019.10.13"]
[EventType "team-tourn"]
[EventRounds "9"]
[EventCountry "GER"]
[SourceTitle "EXT 2023"]
[Source "ChessBase"]
[SourceDate "2022.10.05"]
[SourceVersion "1"]
[SourceVersionDate "2022.10.05"]
[SourceQuality "1"]
[WhiteTeam "Heideck/Hilpoltstein II"]
[BlackTeam "Ansbach/Bad Windsheim"]
[WhiteTeamCountry "GER"]
[BlackTeamCountry "GER"]

1. e4 e5 2. Nf3 Nc6 3. Bc4 Nf6 4. Ng5 Bc5 5. Nxf7 Bxf2+ 6. Kxf2 Nxe4+ 7. Ke3 Qh4 8. Qf3 Nf6 9. Nxh8 d5 10. Bxd5 Qd4+ 11. Ke2 Bg4 12. Bxc6+ bxc6 13. Nc3 e4 14. Qxg4 Nxg4 15. Rf1 Nf6 16. b3 e3 17. Rd1 0-0-0 18. Nf7 Re8 0-1

[Event "Mittelfranken-chTB2b 1415"]
[Site "Mittelfranken"]
[Date "2014.09.28"]
[Round "1.7"]
[White "Wirth, Karl Heinz"]
[Black "Stritzelberger, Martin"]
[Result "1-0"]
[WhiteElo "1792"]
[BlackElo "1599"]
[PlyCount "49"]
[EventDate "2014.09.28"]
[EventType "team-tourn"]
[EventRounds "9"]
[EventCountry "GER"]
[SourceTitle "EXT 2020"]
[Source "ChessBase"]
[SourceDate "2019.10.17"]
[SourceVersion "1"]
[SourceVersionDate "2019.10.17"]
[SourceQuality "1"]
[WhiteTeam "Muehlhof/Schwabach"]
[BlackTeam "Heideck/Hilpoltstein"]
[WhiteTeamCountry "GER"]
[BlackTeamCountry "GER"]

1. e4 e6 2. d4 d5 3. Nc3 Bb4 4. Nge2 dxe4 5. a3 Bxc3+ 6. Nxc3 Nf6 7. Bg5 h6 8. Bxf6 Qxf6 9. Nxe4 Qg6 10. Ng3 Bd7 11. Bd3 Qf6 12. c3 Bc6 13. 0-0 0-0 14. Qc2 Nd7 15. f4 Nb6 16. Rae1 Nd5 17. f5 exf5 18. Nxf5 Qg5 19. Be4 Rae8 20. h4 Qd8 21. Qf2 Bb5 22. Qg3 g6 23. Nxh6+ Kg7 24. Rxf7+ Rxf7 25. Qxg6+ 1-0

[Event "Mittelfranken-chTB2b 1213"]
[Site "Germany"]
[Date "2013.03.10"]
[Round "9.7"]
[White "Wagenfeld, Wladymyr"]
[Black "Stritzelberger, Martin"]
[Result "1/2-1/2"]
[WhiteElo "1718"]
[BlackElo "1642"]
[PlyCount "111"]
[EventDate "2012.10.07"]
[EventType "team-tourn"]
[EventRounds "9"]
[EventCountry "GER"]
[SourceTitle "EXT 2019"]
[Source "ChessBase"]
[SourceDate "2018.10.10"]
[SourceVersion "1"]
[SourceVersionDate "2018.10.10"]
[SourceQuality "1"]
[WhiteTeam "Nuernberg NT IV"]
[BlackTeam "Heideck/Hilpoltstein"]
[WhiteTeamCountry "GER"]
[BlackTeamCountry "GER"]

1. d4 Nf6 2. e3 g6 3. Bd3 d5 4. Ne2 Bg7 5. 0-0 0-0 6. Nd2 Nbd7 7. f4 e6 8. Ng3 c5 9. c3 b6 10. Nf3 Bb7 11. Bd2 c4 12. Bc2 Ne4 13. Be1 f5 14. Kh1 Ndf6 15. Ne5 Nxg3+ 16. hxg3 Nd7 17. Nf3 Bf6 18. Nh2 b5 19. g4 Bh4 20. g3 Be7 21. g5 a5 22. a3 Kg7 23. g4 Rh8 24. Kg2 h6 25. gxh6+ Rxh6 26. g5 Rh5 27. Bg3 a4 28. Qd2 Qc7 29. Bd1 Rh7 30. Bf3 Rah8 31. Rh1 Qd8 32. Rag1 Rh3 33. Qf2 R3h7 34. Kf1 Qa8 35. Qg2 Qd8 36. Ke2 Ba6 37. e4 fxe4 38. Bxe4 dxe4 39. Qxe4 Qb6 40. Re1 Bb7 41. Qe3 Bxh1 42. Rxh1 Qc6 43. Qg1 Qe4+ 44. Kf2 Qc2+ 45. Kf3 Qxb2 46. Qe3 Rxh2 47. Bxh2 Rxh2 48. Rxh2 Qxh2 49. Qxe6 Qh1+ 50. Kf2 Qh4+ 51. Kf3 Bxa3 52. Qxd7+ Kg8 53. Qe6+ Kg7 54. Qf6+ Kh7 55. Qf7+ Kh8 56. Qf6+ 1/2-1/2

[Event "Mittelfranken-chTB2b 1213"]
[Site "Germany"]
[Date "2012.12.16"]
[Round "5.6"]
[White "Stritzelberger, Martin"]
[Black "Kirsch, Heinrich"]
[Result "0-1"]
[WhiteElo "1642"]
[BlackElo "1795"]
[PlyCount "96"]
[EventDate "2012.10.07"]
[EventType "team-tourn"]
[EventRounds "9"]
[EventCountry "GER"]
[SourceTitle "EXT 2019"]
[Source "ChessBase"]
[SourceDate "2018.10.10"]
[SourceVersion "1"]
[SourceVersionDate "2018.10.10"]
[SourceQuality "1"]
[WhiteTeam "Heideck/Hilpoltstein"]
[BlackTeam "Erlangen Siemens"]
[WhiteTeamCountry "GER"]
[BlackTeamCountry "GER"]

1. e4 e5 2. Nf3 Nc6 3. Bc4 Nd4 4. Nxd4 exd4 5. 0-0 d6 6. d3 Qf6 7. Nd2 Bd7 8. Nf3 h6 9. b4 Ne7 10. Bb2 c5 11. bxc5 dxc5 12. e5 Qg6 13. Nh4 Qg4 14. Qxg4 Bxg4 15. h3 Bd7 16. f4 b5 17. Bb3 Be6 18. Bxe6 fxe6 19. c3 dxc3 20. Bxc3 Rd8 21. Rad1 Nd5 22. Bd2 Ne7 23. Be3 Nd5 24. Bd2 Kf7 25. f5 exf5 26. Rxf5+ Ke6 27. Rdf1 Ne7 28. Rf7 Rxd3 29. Ba5 Nc6 30. Bc7 Rd7 31. Rxd7 Kxd7 32. Rf7+ Be7 33. Bd6 Ke6 34. Rxe7+ Nxe7 35. Bxe7 g5 36. Bf6 Rc8 37. Nf3 a5 38. Bg7 b4 39. Bxh6 a4 40. Bxg5 b3 41. axb3 axb3 42. Bc1 Rd8 43. Ba3 c4 44. Ng5+ Kf5 45. Nf7 Rd1+ 46. Kh2 c3 47. g4+ Ke6 48. Ng5+ Kxe5 0-1

[Event "Mittelfranken-chTB2b 1213"]
[Site "Germany"]
[Date "2012.11.18"]
[Round "3.7"]
[White "Abmayr, Bernhard"]
[Black "Stritzelberger, Martin"]
[Result "1/2-1/2"]
[WhiteElo "1691"]
[BlackElo "1642"]
[PlyCount "69"]
[EventDate "2012.10.07"]
[EventType "team-tourn"]
[EventRounds "9"]
[EventCountry "GER"]
[SourceTitle "EXT 2019"]
[Source "ChessBase"]
[SourceDate "2018.10.10"]
[SourceVersion "1"]
[SourceVersionDate "2018.10.10"]
[SourceQuality "1"]
[WhiteTeam "Uttenreuth"]
[BlackTeam "Heideck/Hilpoltstein"]
[WhiteTeamCountry "GER"]
[BlackTeamCountry "GER"]

1. e4 c5 2. Nf3 d6 3. d4 cxd4 4. Nxd4 Nf6 5. Nc3 a6 6. Be2 e6 7. Bf3 Be7 8. 0-0 0-0 9. b3 Nbd7 10. Bb2 Ne5 11. Be2 Bd7 12. Nf3 Nxf3+ 13. Bxf3 Bc6 14. Qd3 Qc7 15. Rfd1 Rfd8 16. Ne2 d5 17. exd5 Nxd5 18. c4 Nf4 19. Qe3 Nxe2+ 20. Qxe2 Bxf3 21. Qxf3 Rxd1+ 22. Rxd1 Rd8 23. g3 Rxd1+ 24. Qxd1 Qd8 25. Qxd8+ Bxd8 26. Bd4 f6 27. Kg2 e5 28. Bc5 Kf7 29. Kf3 f5 30. h3 e4+ 31. Kf4 Ke6 32. g4 g6 33. gxf5+ gxf5 34. Bd4 Be7 35. Bb6 1/2-1/2

[Event "Mittelfranken-chTB2b 1213"]
[Site "Germany"]
[Date "2012.10.07"]
[Round "6.8"]
[White "Niebler, Andreas"]
[Black "Stritzelberger, Martin"]
[Result "1-0"]
[WhiteElo "1784"]
[BlackElo "1642"]
[PlyCount "57"]
[EventDate "2012.10.07"]
[EventType "team-tourn"]
[EventRounds "9"]
[EventCountry "GER"]
[SourceTitle "EXT 2019"]
[Source "ChessBase"]
[SourceDate "2018.10.10"]
[SourceVersion "1"]
[SourceVersionDate "2018.10.10"]
[SourceQuality "1"]
[WhiteTeam "Neumarkt"]
[BlackTeam "Heideck/Hilpoltstein"]
[WhiteTeamCountry "GER"]
[BlackTeamCountry "GER"]

1. d4 Nf6 2. c4 g6 3. Nc3 d5 4. e3 Bg7 5. Nf3 0-0 6. h3 c6 7. Bd3 dxc4 8. Bxc4 Bf5 9. Qe2 Ne4 10. 0-0 Nxc3 11. bxc3 b5 12. Bb3 Bc8 13. Rd1 Bb7 14. a4 Qa5 15. Bd2 bxa4 16. Rxa4 Qb5 17. Qc4 Qxc4 18. Bxc4 Nd7 19. Be2 c5 20. Rda1 cxd4 21. cxd4 a6 22. Bb4 Rfe8 23. Bxa6 Bxa6 24. Rxa6 Rxa6 25. Rxa6 e6 26. Ra7 Rb8 27. Bd6 Rb1+ 28. Kh2 Nf6 29. Ra8+ 1-0

[Event "Mittelfranken-chTB2b 1112"]
[Site "Germany"]
[Date "2012.03.11"]
[Round "8.7"]
[White "Gstaltmeyr, Karl"]
[Black "Stritzelberger, Martin"]
[Result "1/2-1/2"]
[WhiteElo "1730"]
[BlackElo "1642"]
[PlyCount "25"]
[EventDate "2011.09.25"]
[EventType "team-tourn"]
[EventRounds "9"]
[EventCountry "GER"]
[SourceTitle "EXT 2018"]
[Source "ChessBase"]
[SourceDate "2017.10.13"]
[SourceVersion "1"]
[SourceVersionDate "2017.10.13"]
[SourceQuality "1"]
[WhiteTeam "Schwanstetten"]
[BlackTeam "Heideck/Hilpoltstein"]
[WhiteTeamCountry "GER"]
[BlackTeamCountry "GER"]

1. d4 Nf6 2. c4 g6 3. Nc3 d5 4. Bf4 Bg7 5. h3 0-0 6. e3 c6 7. Nf3 Nbd7 8. Qb3 dxc4 9. Bxc4 Nb6 10. Bd3 Be6 11. Qc2 Nbd5 12. Nxd5 Nxd5 13. Be5 1/2-1/2

[Event "Mittelfranken-chTB2b 1112"]
[Site "Germany"]
[Date "2012.02.05"]
[Round "6.7"]
[White "Schilay, Andre"]
[Black "Stritzelberger, Martin"]
[Result "1/2-1/2"]
[WhiteElo "1642"]
[BlackElo "1645"]
[PlyCount "20"]
[EventDate "2011.09.25"]
[EventType "team-tourn"]
[EventRounds "9"]
[EventCountry "GER"]
[SourceTitle "EXT 2013"]
[Source "ChessBase"]
[SourceDate "2012.11.22"]
[SourceVersion "1"]
[SourceVersionDate "2012.11.22"]
[SourceQuality "1"]
[WhiteTeam "Neumarkt"]
[BlackTeam "Heideck/Hilpoltstein"]
[WhiteTeamCountry "GER"]
[BlackTeamCountry "GER"]

1. e4 c5 2. Nc3 g6 3. f4 Bg7 4. Nf3 d6 5. d3 e6 6. Be2 Ne7 7. 0-0 0-0 8. Qe1 Nbc6 9. Be3 Nd4 10. Bxd4 cxd4 1/2-1/2

[Event "Mittelfranken-chTB2b 1112"]
[Site "Germany"]
[Date "2011.11.20"]
[Round "3.8"]
[White "Schroeder, Harald"]
[Black "Stritzelberger, Martin"]
[Result "0-1"]
[WhiteElo "1576"]
[BlackElo "1645"]
[PlyCount "90"]
[EventDate "2011.09.25"]
[EventType "team-tourn"]
[EventRounds "9"]
[EventCountry "GER"]
[SourceTitle "EXT 2013"]
[Source "ChessBase"]
[SourceDate "2012.11.22"]
[SourceVersion "1"]
[SourceVersionDate "2012.11.22"]
[SourceQuality "1"]
[WhiteTeam "Forchheim III"]
[BlackTeam "Heideck/Hilpoltstein"]
[WhiteTeamCountry "GER"]
[BlackTeamCountry "GER"]

1. e4 d6 2. d4 Nf6 3. Bd3 g6 4. f4 Bg7 5. Nf3 0-0 6. 0-0 Nbd7 7. f5 c5 8. fxg6 hxg6 9. c3 cxd4 10. cxd4 e5 11. d5 Qb6+ 12. Kh1 Nc5 13. Nc3 Nxd3 14. Qxd3 Ng4 15. Qe2 Bd7 16. h3 Nf6 17. Be3 Qa5 18. Bg5 Nh5 19. Bh4 Nf4 20. Qd1 f6 21. Kh2 g5 22. Be1 Qd8 23. Bd2 Kf7 24. Bxf4 gxf4 25. Ng1 Rh8 26. Rf3 Bg4 27. Qb3 Bxf3 28. Qxb7+ Qe7 29. Qxe7+ Kxe7 30. Nxf3 Rab8 31. Rb1 Rhc8 32. Nd2 f5 33. exf5 e4 34. Ncxe4 Rxb2 35. f6+ Bxf6 36. Re1 Be5 37. Nf3 Rcc2 38. Rg1 Rxa2 39. h4 a5 40. Nxe5 dxe5 41. d6+ Kd7 42. h5 f3 43. h6 Rxg2+ 44. Rxg2 Rxg2+ 45. Kh3 Rg6 0-1

[Event "Mittelfranken-chTB2b 1011"]
[Site "Germany"]
[Date "2011.01.23"]
[Round "5.8"]
[White "Stritzelberger, Martin"]
[Black "Ammon, Ronald"]
[Result "1/2-1/2"]
[WhiteElo "1627"]
[BlackElo "1659"]
[PlyCount "114"]
[EventDate "2010.09.26"]
[EventType "team-tourn"]
[EventRounds "9"]
[EventCountry "GER"]
[SourceTitle "EXT 2012"]
[Source "ChessBase"]
[SourceDate "2011.11.24"]
[SourceVersion "1"]
[SourceVersionDate "2011.11.24"]
[SourceQuality "1"]
[WhiteTeam "Heideck/Hilpoltstein"]
[BlackTeam "Nuernberg SK 1911 II"]
[WhiteTeamCountry "GER"]
[BlackTeamCountry "GER"]

1. e4 Nc6 2. Nc3 e5 3. Nf3 d6 4. d4 Bg4 5. dxe5 Nxe5 6. Be2 Nf6 7. Nxe5 Bxe2 8. Qxe2 dxe5 9. Qb5+ Nd7 10. Qxb7 Bc5 11. 0-0 0-0 12. Rd1 Rb8 13. Qd5 Bd6 14. Nb5 Nf6 15. Qd3 Nxe4 16. Nxa7 Bc5 17. Be3 Qxd3 18. Rxd3 Rxb2 19. Bxc5 Nxc5 20. Rc3 Ne6 21. Nc6 f6 22. a4 Ra8 23. a5 Nd4 24. Ne7+ Kf8 25. Rxc7 Rxa5 26. Rd1 Raa2 27. Nf5 Rxc2 28. Nxd4 exd4 29. Rxc2 Rxc2 30. Kf1 Rc4 31. Ke2 f5 32. Kf3 g5 33. g4 Rc3+ 34. Kg2 d3 35. gxf5 Kf7 36. Kf3 Kf6 37. Ke4 Rc4+ 38. Kxd3 Rh4 39. Rh1 Kxf5 40. Ke3 Rh3+ 41. Ke2 g4 42. Kf1 Kf4 43. Kg2 h5 44. Ra1 Rc3 45. Ra4+ Kg5 46. Ra5+ Kh4 47. Re5 Rf3 48. Ra5 Rf8 49. Re5 Rg8 50. Ra5 Rg5 51. Ra4 Rf5 52. Ra8 Kg5 53. Rg8+ Kf4 54. Ra8 h4 55. h3 gxh3+ 56. Kxh3 Kf3 57. Kxh4 Kxf2 1/2-1/2

[Event "Mittelfranken-chTB2b 0809"]
[Site "Mittelfranken"]
[Date "2009.01.25"]
[Round "5.7"]
[White "Ludwig, Michael"]
[Black "Stritzelberger, Martin"]
[Result "1/2-1/2"]
[WhiteElo "1810"]
[BlackElo "1714"]
[PlyCount "29"]
[EventDate "2008.10.12"]
[EventType "team"]
[EventRounds "9"]
[EventCountry "GER"]
[SourceTitle "EXT 2011"]
[Source "ChessBase"]
[SourceDate "2010.11.26"]
[SourceVersion "1"]
[SourceVersionDate "2010.11.26"]
[SourceQuality "1"]
[WhiteTeam "Buechenbach/Roth II"]
[BlackTeam "Heideck/Hilpoltstein"]
[WhiteTeamCountry "GER"]
[BlackTeamCountry "GER"]

1. e4 c5 2. Nf3 d6 3. Nc3 Nc6 4. d4 cxd4 5. Nxd4 Nxd4 6. Qxd4 Bd7 7. Bc4 e6 8. 0-0 a6 9. f4 Qc7 10. Kh1 Ne7 11. Bb3 Nc6 12. Qd3 Na5 13. Be3 Nxb3 14. axb3 Be7 15. Rac1 1/2-1/2